| 000 | 00399nam a2200145Ia 4500 | ||
|---|---|---|---|
| 008 | 150201s1994 xx 000 0 und d | ||
| 082 |
_a612 _bH94S |
||
| 100 | _aSUBHASH SHALYA | ||
| 245 | _aHUMAN PHYSIOLOGY SYSTEMIC AND APPLIED | ||
| 250 | _a1ST | ||
| 260 |
_bC.B.S PUBLISHERS & DISTRIBUTERS _aBHOLA NATH NAGAR SHADHRA ( DELHI) _c1994 |
||
| 300 | _a1-754 | ||
| 650 | _aPHYSIOLOGY | ||
| 942 |
_2ddc _cBK |
||
| 999 |
_c2463 _d2463 |
||